000 00372nam a2200181Ia 4500
100 _aBalagurusamy/E
650 _aC++
250 _a6
942 _cBK
366 _f20
654 _aC++
245 _aObject oriented programming With C++
260 _bMcGraw - Hill
_c2013
082 _a5.133
_bBAL
300 _a543
546 _aENGLISH
_cComputers
999 _c22123
_d22123